000 00624nam a2200217Ii 4500
003 JO-AjNU
008 230605s9999||||xx |||||||||||||| ||und||
017 _a2003/6/1155
040 _aJO-AjNU
_bara
_erda
_cJO-AjNU
041 _aara
050 1 4 _aTK5105.5.S546 2003
100 3 _aشلباية، مراد,
_eauthor
_940942
245 0 0 _aادارة الشبكات
250 _aط1
264 3 1 _aعمان:دار المسيرة ، 2003
300 _a460ص
336 _atext
_btxt
_2rdacontent
337 _aunmediated
_bn
_2rdamedia
338 _avolume
_bnc
_2rdacarrier
650 4 _aالحسوب -شبكات
_940943
999 _aA17415
_c20983
_d20983